[Event "XVII Festival A"]
[Site "Porto San Giorgio ITA"]
[Date "2005.08.22"]
[Round "1"]
[White "Kohlweyer, Bernd"]
[Black "Ragnoni, Alessandro"]
[Result "1/2-1/2"]
[WhiteElo "2423"]
[BlackElo "2086"]
[PlyCount "41"]
[EventDate "2005.08.22"]

1. d4 d5 2. Nf3 c5 3. c4 cxd4 4. cxd5 Nf6 5. Nxd4 Nxd5 6. g3 e5 7. Nc2 Nc6 8.
Bg2 Be6 9. O-O Be7 10. Ne3 Nf6 11. Nc3 O-O 12. Ncd5 Nxd5 13. Nxd5 Nd4 14. Nxe7+
Qxe7 15. e3 Nc6 16. Qa4 Rac8 17. Bd2 Rfd8 18. Bc3 Bd5 19. Rfd1 Bxg2 20. Kxg2 a6
21. Rxd8+ 1/2-1/2

[Event "XVII Festival A"]
[Site "Porto San Giorgio ITA"]
[Date "2005.08.22"]
[Round "1"]
[White "Lazic, Miroljub"]
[Black "Insabato, Giovanbattista"]
[Result "1-0"]
[WhiteElo "2485"]
[BlackElo "2097"]
[PlyCount "63"]
[EventDate "2005.08.22"]

1. g3 g6 2. Bg2 Bg7 3. d4 Nf6 4. e4 d6 5. Nc3 O-O 6. h3 e5 7. Nge2 c6 8. a4 Na6
9. O-O Be6 10. b3 Qa5 11. d5 Bd7 12. dxc6 Bxc6 13. Bg5 Rfd8 14. Nd5 Bxd5 15.
exd5 h6 16. Bd2 Qc5 17. c4 Nd7 18. Nc3 f5 19. Nb5 b6 20. a5 Bf8 21. g4 f4 22.
Qc2 Kg7 23. axb6 axb6 24. Ra4 Qc8 25. b4 Nc7 26. Rxa8 Nxa8 27. Na7 Qa6 28. Nc6
Re8 29. Qc3 Nf6 30. Ra1 Qc8 31. Ra7+ Kh8 32. Bxf4 1-0

[Event "XVII Festival A"]
[Site "Porto San Giorgio ITA"]
[Date "2005.08.22"]
[Round "1"]
[White "Manganelli, Gianpaolo"]
[Black "Zimina, Olga"]
[Result "0-1"]
[WhiteElo "2064"]
[BlackElo "2404"]
[PlyCount "56"]
[EventDate "2005.08.22"]

1. d4 d5 2. c4 e6 3. Nc3 c6 4. Nf3 dxc4 5. e3 b5 6. a4 Bb4 7. Ne5 Bb7 8. Qg4
Qf6 9. Bd2 Nh6 10. Qh3 O-O 11. Be2 Qe7 12. O-O f6 13. Nf3 a6 14. Rfd1 Nd7 15.
e4 Nf7 16. Be3 Rfe8 17. Ne1 Nb6 18. d5 Bxc3 19. Bxb6 Bxe1 20. dxe6 Ng5 21. Qh5
Bxf2+ 22. Bxf2 Qxe6 23. Bg4 Qf7 24. h4 Nxe4 25. Rd7 Re7 26. Rad1 Nxf2 27. Be6
Qxe6 28. Rd8+ Re8 0-1

[Event "XVII Festival A"]
[Site "Porto San Giorgio ITA"]
[Date "2005.08.22"]
[Round "1"]
[White "Mendola, Christian"]
[Black "Farago, Ivan"]
[Result "0-1"]
[WhiteElo "2100"]
[BlackElo "2499"]
[PlyCount "68"]
[EventDate "2005.08.22"]

1. e4 c5 2. c3 d5 3. exd5 Qxd5 4. d4 Nf6 5. Nf3 e6 6. Be2 Nc6 7. O-O cxd4 8.
cxd4 Be7 9. Nc3 Qd6 10. Bg5 O-O 11. Qd2 b6 12. Rac1 Bb7 13. Rfd1 Rfd8 14. a3
Rac8 15. b4 Nd5 16. Nxd5 Qxd5 17. Be3 Bf6 18. Bc4 Qh5 19. Qa2 Ne7 20. Be2 Qd5
21. Bc4 Qd6 22. Ng5 Qc6 23. Nf3 Qd7 24. Ng5 Nd5 25. Ne4 Be7 26. Bg5 Nxb4 27.
axb4 Bxe4 28. Be3 Bxb4 29. Qa6 Qb7 30. Qb5 a5 31. f3 Bc6 32. Qh5 Bd5 33. Bd3 g6
34. Qh6 Rxc1 0-1

[Event "XVII Festival A"]
[Site "Porto San Giorgio ITA"]
[Date "2005.08.22"]
[Round "1"]
[White "Miandro, Roberto"]
[Black "Manca, Federico"]
[Result "0-1"]
[WhiteElo "2054"]
[BlackElo "2390"]
[PlyCount "132"]
[EventDate "2005.08.22"]

1. c4 e6 2. Nf3 d5 3. b3 d4 4. Bb2 c5 5. b4 Nf6 6. g3 a5 7. b5 Bd6 8. d3 b6 9.
Bg2 Ra7 10. a4 O-O 11. O-O Re7 12. e3 e5 13. e4 Ne8 14. Nh4 g6 15. Bc1 Ng7 16.
Bh6 Ree8 17. Nd2 Be6 18. Rc1 Nd7 19. Rc2 Be7 20. Nhf3 Kh8 21. Bxg7+ Kxg7 22.
Ne1 Nf6 23. h3 Nh5 24. Kh2 Bd6 25. Bf3 Nf6 26. Bg2 Qc7 27. Nef3 Rh8 28. Ng1 h5
29. Ndf3 Bc8 30. Qc1 Rh6 31. h4 Ng4+ 32. Kh1 f6 33. Ne2 Reh8 34. Kg1 Be7 35.
Rb2 Be6 36. Re1 Kf7 37. Qc2 Ke8 38. Kf1 Kd8 39. Neg1 R6h7 40. Ke2 Bf8 41. Kd1
Bh6 42. Qe2 Kc8 43. Nd2 Kb8 44. Kc2 Rf8 45. Ngf3 Re7 46. Rf1 Bc8 47. Kb3 Bb7
48. Bh3 Qd8 49. Ne1 f5 50. f3 Bxd2 51. Rxd2 Ne3 52. Rf2 Qe8 53. Nc2 f4 54. gxf4
Nxc2 55. Kxc2 Rxf4 56. Rh2 Rxh4 57. Qf2 Rf4 58. Qg3 Qf7 59. Bg2 Qf6 60. Bh1 h4
61. Qg1 g5 62. Rhg2 Rg7 63. Rg4 Bc8 64. Rxf4 gxf4 65. Rg2 Rg3 66. Rxg3 hxg3 0-1

[Event "XVII Festival A"]
[Site "Porto San Giorgio ITA"]
[Date "2005.08.22"]
[Round "1"]
[White "Omeri, Silvan"]
[Black "Horvath, Peter"]
[Result "0-1"]
[WhiteElo "2083"]
[BlackElo "2420"]
[PlyCount "94"]
[EventDate "2005.08.22"]

1. e4 c5 2. Bc4 e6 3. Qe2 Nc6 4. c3 g6 5. d3 Bg7 6. Nf3 Nge7 7. O-O O-O 8. Bg5
h6 9. Be3 d5 10. Bb3 b6 11. g3 Ba6 12. c4 dxe4 13. dxe4 Nd4 14. Bxd4 cxd4 15.
Qd3 Nc6 16. a3 Rc8 17. Nbd2 Qd6 18. Ba2 Bb7 19. b4 a5 20. c5 bxc5 21. b5 Ne5
22. Nxe5 Qxe5 23. f4 Qc7 24. a4 Ba8 25. Nc4 f5 26. e5 Qb7 27. Kf2 Qg2+ 28. Ke1
Qxh2 29. Nd2 Be4 30. Bxe6+ Kh7 31. Nxe4 fxe4 32. Qxe4 Qxg3+ 33. Kd1 Rce8 34.
Bc4 Qg4+ 35. Be2 Qe6 36. Rc1 Qb3+ 37. Qc2 Qg3 38. Qd3 Qh4 39. Qe4 Rxe5 40. Qc6
Rxf4 41. Rxf4 Qxf4 42. Rxc5 Re3 43. Rd5 Qe4 44. Rc5 d3 45. Qxe4 dxe2+ 46. Ke1
Rxe4 47. b6 Be5 0-1

[Event "XVII Festival A"]
[Site "Porto San Giorgio ITA"]
[Date "2005.08.22"]
[Round "1"]
[White "Ortega, Lexy"]
[Black "Vigile, Matteo"]
[Result "1-0"]
[WhiteElo "2429"]
[BlackElo "2090"]
[PlyCount "41"]
[EventDate "2005.08.22"]

1. d4 Nf6 2. Nf3 g6 3. Nc3 Bg7 4. e4 d6 5. Be3 c6 6. Qd2 b5 7. Bd3 Nbd7 8. Bh6
Bxh6 9. Qxh6 e5 10. O-O Ng4 11. Qd2 exd4 12. Nxd4 Qb6 13. Bxb5 cxb5 14. Nd5 Qd8
15. Nc6 Qh4 16. Nc7+ Kf8 17. h3 h5 18. Nxa8 Ndf6 19. Nc7 Nxe4 20. Qd4 Ngf6 21.
f3 1-0

[Event "XVII Festival A"]
[Site "Porto San Giorgio ITA"]
[Date "2005.08.22"]
[Round "1"]
[White "Pepe, Mario"]
[Black "Laketic, Gojko"]
[Result "0-1"]
[WhiteElo "2095"]
[BlackElo "2467"]
[PlyCount "26"]
[EventDate "2005.08.22"]

1. e4 Nf6 2. Nc3 d6 3. d4 Nbd7 4. Nf3 e5 5. Bc4 Be7 6. Bxf7+ Kxf7 7. Ng5+ Kg8
8. Ne6 Qe8 9. Nxc7 Qg6 10. Nxa8 Qxg2 11. Rf1 exd4 12. Qxd4 Ne5 13. Qe3 Bh3 0-1

[Event "XVII Festival A"]
[Site "Porto San Giorgio ITA"]
[Date "2005.08.22"]
[Round "1"]
[White "Piscopo, Pierluigi"]
[Black "Cattafi, Giuseppe"]
[Result "1-0"]
[WhiteElo "2389"]
[BlackElo "2047"]
[PlyCount "76"]
[EventDate "2005.08.22"]

1. e4 c5 2. Nf3 e6 3. d4 cxd4 4. Nxd4 Nc6 5. Nc3 Qc7 6. Be2 a6 7. f4 Bb4 8. Bf3
Nge7 9. Be3 O-O 10. O-O Bxc3 11. bxc3 d5 12. Nxc6 Qxc6 13. Qd4 b5 14. f5 f6 15.
Rad1 e5 16. Qb4 Qd7 17. g4 a5 18. Qc5 Bb7 19. exd5 Rfc8 20. Qa3 Bxd5 21. Rxd5
Nxd5 22. Rd1 Rc4 23. Bxd5+ Kh8 24. Bf3 Qc8 25. Qe7 Qe8 26. Qd6 Rac8 27. Bf2
Rxc3 28. Bb7 Rb8 29. Be4 Rcc8 30. Bb6 h6 31. Bc7 b4 32. Bc6 Qf8 33. Bxb8 Rxb8
34. Qxf8+ Rxf8 35. Rd5 Rc8 36. Ba4 Rc4 37. h3 h5 38. gxh5 Rf4 1-0

[Event "XVII Festival A"]
[Site "Porto San Giorgio ITA"]
[Date "2005.08.22"]
[Round "1"]
[White "Rinaudo, Sergio"]
[Black "Bruno, Fabio"]
[Result "0-1"]
[WhiteElo "2087"]
[BlackElo "2425"]
[PlyCount "120"]
[EventDate "2005.08.22"]

1. d4 d5 2. Nf3 Nf6 3. e3 Nbd7 4. c4 e6 5. Bd3 c6 6. Nc3 dxc4 7. Bxc4 b5 8. Bd3
a6 9. O-O Bb7 10. e4 c5 11. d5 c4 12. Bc2 Qc7 13. dxe6 fxe6 14. e5 Nxe5 15.
Nxe5 Qxe5 16. Re1 Qd6 17. Qxd6 Bxd6 18. Rxe6+ Kd7 19. Bf5 Kc7 20. Re1 Rhe8 21.
Bg5 g6 22. Bxg6 Rg8 23. Bxf6 Rxg6 24. Be5 Rxg2+ 25. Kf1 Bxe5 26. Rxe5 Rxh2 27.
Ke2 Rf8 28. Rf1 Bf3+ 29. Ke3 Rh3 30. Kd4 Kd6 31. Ne4+ Bxe4 32. Kxe4 Rhf3 33.
Rd1+ Rd3 34. Rh1 Rxf2 35. Rh6+ Kc7 36. Rc5+ Kb7 37. Rcc6 Re2+ 38. Kf4 Rxb2 39.
Rb6+ Kc7 40. Rxa6 Rd7 41. Ke3 Kb8 42. Rhb6+ Kc8 43. Ra8+ Kc7 44. Raa6 Kd8 45.
Ra8+ Kc7 46. Raa6 Rd3+ 47. Ke4 Rxa2 48. Rc6+ Kd7 49. Rab6 Re2+ 50. Kf4 Rd5 51.
Rh6 Re7 52. Rb7+ Kd8 53. Rb8+ Kc7 54. Rhb6 Rc5 55. R6b7+ Kd6 56. Rb6+ Kd7 57.
R8b7+ Rc7 58. Rxb5 Rxb7 59. Rxb7+ Kd6 60. Rb2 Kd5 0-1

[Event "XVII Festival A"]
[Site "Porto San Giorgio ITA"]
[Date "2005.08.22"]
[Round "1"]
[White "Roeder, Matthias"]
[Black "Coimbra, Margarida"]
[Result "1-0"]
[WhiteElo "2393"]
[BlackElo "2058"]
[PlyCount "83"]
[EventDate "2005.08.22"]

1. Nf3 d5 2. c4 c6 3. e3 Nf6 4. Qc2 e6 5. b3 Nbd7 6. Bb2 Bd6 7. Nc3 Qe7 8. Be2
O-O 9. O-O Ba3 10. Bxa3 Qxa3 11. d4 Qe7 12. e4 dxe4 13. Nxe4 Nxe4 14. Qxe4 Nf6
15. Qe3 b6 16. Ne5 Bb7 17. Bf3 Rac8 18. c5 Nd5 19. Bxd5 cxd5 20. b4 f6 21. Nd3
Ba6 22. Rfc1 Bc4 23. Nb2 b5 24. a4 a6 25. Re1 Rfe8 26. f4 Qd7 27. axb5 axb5 28.
Ra6 Rc6 29. Rxc6 Qxc6 30. Ra1 Qb7 31. Ra5 Re7 32. h3 Kf7 33. Qf3 Qb8 34. Nxc4
bxc4 35. b5 g6 36. b6 Rb7 37. g3 Qe8 38. Qa3 Qc6 39. Qa4 Qxa4 40. Rxa4 Ke8 41.
c6 Rxb6 42. Ra8+ 1-0

[Event "XVII Festival A"]
[Site "Porto San Giorgio ITA"]
[Date "2005.08.23"]
[Round "2"]
[White "Bruno, Fabio"]
[Black "Lauria, Amilcare"]
[Result "1-0"]
[WhiteElo "2425"]
[BlackElo "2191"]
[PlyCount "49"]
[EventDate "2005.08.22"]

1. c4 g6 2. Nc3 Bg7 3. g3 d6 4. Bg2 e5 5. e3 Nc6 6. Nge2 Nge7 7. d3 O-O 8. O-O
f5 9. f4 a6 10. Rb1 Be6 11. b3 Bf7 12. d4 exd4 13. exd4 d5 14. Be3 Qd7 15. Kh1
Rfe8 16. Qd3 Rad8 17. c5 Nc8 18. Bf2 Kh8 19. Ng1 b6 20. b4 bxc5 21. bxc5 N8e7
22. Nf3 Qc8 23. Rfe1 Na5 24. Re2 Nec6 25. Ng5 1-0

[Event "XVII Festival A"]
[Site "Porto San Giorgio ITA"]
[Date "2005.08.23"]
[Round "2"]
[White "Collutiis, Duilio"]
[Black "Ventura, Sergio"]
[Result "1-0"]
[WhiteElo "2386"]
[BlackElo "2153"]
[PlyCount "111"]
[EventDate "2005.08.22"]

1. e4 d6 2. d4 Nf6 3. Nc3 c6 4. f4 Qa5 5. Bd2 e5 6. dxe5 dxe5 7. f5 Qb4 8. a3
Qxb2 9. Nf3 Qb6 10. Nxe5 Nbd7 11. Nc4 Qd4 12. Bd3 b5 13. Ne2 Qc5 14. Bb4 bxc4
15. Bxc5 cxd3 16. Bxf8 dxe2 17. Qd6 Rxf8 18. e5 Ng4 19. Qxc6 Rb8 20. e6 fxe6
21. fxe6 Rf6 22. Kxe2 Ke7 23. Rhe1 Nge5 24. Qa4 Rxe6 25. Kf2 Ba6 26. Rad1 Rb7
27. Kg1 h6 28. Qh4+ Kf7 29. Qh5+ Ke7 30. h3 Rb8 31. Rxd7+ Nxd7 32. Rxe6+ Kxe6
33. Qg4+ Ke7 34. Qxg7+ Kd8 35. Qxh6 Rb6 36. Qg5+ Rf6 37. h4 Ke8 38. Qe3+ Kf8
39. Qxa7 Ke7 40. h5 Rf1+ 41. Kh2 Rf6 42. g4 Rb6 43. Kg3 Bc4 44. Qc7 Bd5 45. Qc3
Nf6 46. Qc5+ Rd6 47. Kh4 Be6 48. h6 Bf7 49. g5 Nd7 50. Qb4 Bg6 51. Qc3 Nf8 52.
a4 Bf7 53. a5 Ng6+ 54. Kg3 Nf8 55. Qe5+ Re6 56. Qc7+ 1-0

[Event "XVII Festival A"]
[Site "Porto San Giorgio ITA"]
[Date "2005.08.23"]
[Round "2"]
[White "Cristiani, Cesare"]
[Black "Piscopo, Pierluigi"]
[Result "1/2-1/2"]
[WhiteElo "2144"]
[BlackElo "2389"]
[PlyCount "81"]
[EventDate "2005.08.22"]

1. d4 Nf6 2. Bg5 e6 3. e4 h6 4. Bxf6 Qxf6 5. c3 Nc6 6. e5 Qe7 7. Nf3 d6 8. Bb5
Bd7 9. exd6 Qxd6 10. Qe2 Be7 11. Nbd2 O-O 12. O-O Be8 13. Rfe1 Qd8 14. Rad1 Bd6
15. Bd3 Rb8 16. Nc4 Ne7 17. Ne3 Nd5 18. Nxd5 exd5 19. Bb1 g6 20. h4 Bd7 21. h5
Bg4 22. hxg6 fxg6 23. Qd3 Rf6 24. Ne5 Bxd1 25. Rxd1 Bxe5 26. dxe5 Rb6 27. Re1
Qd7 28. Qe3 Qg7 29. Qd3 Qf7 30. Qe3 Qg7 31. Qd3 Qf7 32. Qe3 Rxb2 33. e6 Qf6 34.
Qg3 Rxb1 35. Rxb1 Qxe6 36. Qxc7 Rc8 37. Qxb7 Qc6 38. Qxa7 Qxc3 39. Qd7 Qc6 40.
Qxc6 Rxc6 41. Rd1 1/2-1/2

[Event "XVII Festival A"]
[Site "Porto San Giorgio ITA"]
[Date "2005.08.23"]
[Round "2"]
[White "Dworakowska, Joanna"]
[Black "Bonafede, Alessandro"]
[Result "1-0"]
[WhiteElo "2401"]
[BlackElo "2162"]
[PlyCount "67"]
[EventDate "2005.08.22"]

1. e4 c5 2. Nc3 Nc6 3. Bb5 Nf6 4. Bxc6 dxc6 5. d3 g6 6. f4 Bg7 7. Nf3 Nd7 8.
Be3 Qc7 9. O-O Nf8 10. Qd2 Ne6 11. e5 O-O 12. Ne4 b6 13. Ng3 Rd8 14. Rae1 Nd4
15. Nh4 f5 16. Qf2 Ba6 17. Bxd4 cxd4 18. Nf3 Qd7 19. h4 e6 20. h5 c5 21. Ne2
Bb7 22. hxg6 hxg6 23. Qg3 Qe8 24. Nh4 Kh7 25. Kf2 Bf8 26. Rh1 Kg7 27. Rh3 Rd7
28. Reh1 Kg8 29. Nxg6 Rg7 30. Rh8+ Kf7 31. R1h7 Rxh7 32. Rxh7+ Bg7 33. Ne7 Qf8
34. Qg6+ 1-0

[Event "XVII Festival A"]
[Site "Porto San Giorgio ITA"]
[Date "2005.08.23"]
[Round "2"]
[White "Farago, Ivan"]
[Black "Rybenko, Kseniya"]
[Result "1-0"]
[WhiteElo "2499"]
[BlackElo "2217"]
[PlyCount "77"]
[EventDate "2005.08.22"]

1. d4 Nf6 2. c4 g6 3. Nc3 Bg7 4. e4 d6 5. Be2 O-O 6. Nf3 e5 7. O-O exd4 8. Nxd4
Re8 9. f3 Nc6 10. Be3 Nh5 11. Qd2 Nf4 12. Rfd1 Nxd4 13. Bxd4 Bxd4+ 14. Qxd4 Qg5
15. Bf1 Be6 16. g3 Nh5 17. Bg2 Qe5 18. f4 Qxd4+ 19. Rxd4 f6 20. Nd5 Rac8 21.
Bf3 Bxd5 22. cxd5 Ng7 23. Rc1 f5 24. Rdc4 fxe4 25. Bg4 Nf5 26. Bxf5 gxf5 27.
Rxc7 Rxc7 28. Rxc7 Rb8 29. Kf2 b5 30. Ke3 b4 31. Rxa7 Rc8 32. Rb7 Ra8 33. Rxb4
Rxa2 34. g4 fxg4 35. Kxe4 Ra1 36. Kf5 Rh1 37. Kf6 h6 38. Kg6 Kf8 39. f5 1-0

[Event "XVII Festival A"]
[Site "Porto San Giorgio ITA"]
[Date "2005.08.23"]
[Round "2"]
[White "Horvath, Peter"]
[Black "Calavalle, Giulio"]
[Result "1/2-1/2"]
[WhiteElo "2420"]
[BlackElo "2171"]
[PlyCount "146"]
[EventDate "2005.08.22"]

1. d4 Nf6 2. c4 e6 3. Nf3 d5 4. cxd5 exd5 5. Nc3 c6 6. Bg5 Nbd7 7. e3 Be7 8.
Bd3 O-O 9. Qc2 Re8 10. O-O Nf8 11. h3 g6 12. Rab1 Ne6 13. Bh4 Ng7 14. b4 Nf5
15. Bxf6 Bxf6 16. b5 Nh4 17. Nxh4 Bxh4 18. bxc6 bxc6 19. Na4 Qg5 20. Kh2 Qf6
21. Rb2 Qd6+ 22. Kg1 Re6 23. Nc5 Rf6 24. f4 Qe7 25. Rf3 Rd6 26. Qa4 Qc7 27. Rb3
a5 28. Kh2 g5 29. f5 g4 30. hxg4 Rg6+ 31. Kg1 Rxg4 32. Rb1 Bg5 33. Qd1 Rh4 34.
g3 Rh6 35. Kg2 Rb8 36. e4 Rxb1 37. Qxb1 Be7 38. Qc1 dxe4 39. Bxe4 Rh5 40. Nd3
Qd6 41. Ne5 c5 42. Qxc5 Rh2+ 43. Kg1 Rh1+ 44. Kg2 Rh2+ 45. Kg1 Qxc5 46. dxc5
Re2 47. Rf4 Bxc5+ 48. Kf1 Rxa2 49. Bd5 Ba6+ 50. Bc4 Bxc4+ 51. Rxc4 Bd6 52. f6
h5 53. Rc8+ Kh7 54. Nxf7 Bxg3 55. Ng5+ Kg6 56. f7 Rf2+ 57. Kg1 Kxg5 58. Rg8+
Kh4 59. f8=Q Rxf8 60. Rxf8 Bd6 61. Rf5 Bb4 62. Kg2 Kg4 63. Rd5 Kf4 64. Rxh5 Ke3
65. Rd5 a4 66. Rb5 Bf8 67. Rf5 Bb4 68. Rb5 Bf8 69. Rd5 a3 70. Rd8 Bg7 71. Ra8
Bb2 72. Kf1 Kd2 73. Kf2 Kc2 1/2-1/2

[Event "XVII Festival A"]
[Site "Porto San Giorgio ITA"]
[Date "2005.08.23"]
[Round "2"]
[White "Klings, Peter"]
[Black "Ortega, Lexy"]
[Result "0-1"]
[WhiteElo "2189"]
[BlackElo "2429"]
[PlyCount "106"]
[EventDate "2005.08.22"]

1. e4 c5 2. a3 g6 3. d4 cxd4 4. c3 dxc3 5. Nxc3 Bg7 6. Bc4 Nc6 7. Nf3 Nf6 8. h3
d6 9. O-O O-O 10. Qe2 Nd7 11. Rd1 Nde5 12. Nxe5 Nxe5 13. Ba2 Nc6 14. Be3 Be6
15. Bxe6 fxe6 16. Rac1 Rc8 17. Qb5 Qc7 18. Qb3 Qd7 19. Na4 Nd4 20. Bxd4 Bxd4
21. Rxc8 Bxf2+ 22. Kh1 Qxc8 23. Nc3 Kg7 24. Ne2 Qd7 25. Qc3+ Kg8 26. Rc1 Qb5
27. Rc2 Bb6 28. Qg3 Qxe2 29. Rxe2 Rf1+ 30. Kh2 Bg1+ 31. Kh1 Bf2+ 32. Kh2 Bxg3+
33. Kxg3 Rc1 34. Kf4 e5+ 35. Kf3 a5 36. Re3 a4 37. b3 b5 38. bxa4 bxa4 39. g4
g5 40. Ke2 Rc4 41. Kd3 Rd4+ 42. Kc3 Kg7 43. Re1 Kg6 44. Re2 h5 45. Re1 hxg4 46.
hxg4 e6 47. Re2 Kf6 48. Rf2+ Ke7 49. Re2 Kd7 50. Re1 Kc6 51. Re2 Kb5 52. Rb2+
Kc5 53. Re2 Rd1 0-1

[Event "XVII Festival A"]
[Site "Porto San Giorgio ITA"]
[Date "2005.08.23"]
[Round "2"]
[White "Laketic, Gojko"]
[Black "Scharrer, Patrick"]
[Result "1-0"]
[WhiteElo "2467"]
[BlackElo "2209"]
[PlyCount "59"]
[EventDate "2005.08.22"]

1. b3 e5 2. Bb2 d6 3. d4 Nd7 4. e4 Ngf6 5. Nc3 g6 6. Nf3 Bg7 7. Qd2 O-O 8.
O-O-O Qe7 9. dxe5 dxe5 10. Nd5 Nxd5 11. exd5 Qd6 12. h4 h5 13. Kb1 Nc5 14. Ng5
a5 15. Qe3 a4 16. b4 Ne6 17. Ne4 Qd8 18. Bc4 Nd4 19. a3 b5 20. Ba2 Bb7 21. g4
hxg4 22. h5 Nf5 23. Qe2 gxh5 24. Rxh5 Bc8 25. Qxg4 Ne3 26. Qg3 Nxd1 27. Bxe5 f6
28. d6+ Rf7 29. Nxf6+ Kf8 30. Rh8+ 1-0

[Event "XVII Festival A"]
[Site "Porto San Giorgio ITA"]
[Date "2005.08.23"]
[Round "2"]
[White "Leburgue, Sylvain"]
[Black "Trent, Lawrence"]
[Result "0-1"]
[WhiteElo "2166"]
[BlackElo "2407"]
[PlyCount "80"]
[EventDate "2005.08.22"]

1. e4 e5 2. Nf3 Nc6 3. d4 exd4 4. Nxd4 Nf6 5. Nxc6 bxc6 6. e5 Qe7 7. Qe2 Nd5 8.
c4 Nb6 9. Nd2 a5 10. Qe4 g6 11. Bd3 Bg7 12. O-O O-O 13. Nf3 Ba6 14. Re1 Rfe8
15. b3 d5 16. cxd5 cxd5 17. Qe2 Bb7 18. Bb2 a4 19. h4 axb3 20. axb3 Qb4 21.
Rxa8 Bxa8 22. h5 Nd7 23. hxg6 hxg6 24. Ra1 Nc5 25. Ng5 Qf4 26. Nf3 Nxb3 27. Ra7
Nc1 28. Qc2 Nxd3 29. Qxd3 Qe4 30. Qb5 c6 31. Qa6 Qb1+ 32. Kh2 Qxb2 33. Rxa8
Bxe5+ 34. Kh3 Bb8 35. Qxc6 Rd8 36. Ra4 d4 37. Qf6 Rd5 38. Rxd4 Ba7 39. Ng5 Qb3+
40. g3 Rxd4 0-1

[Event "XVII Festival A"]
[Site "Porto San Giorgio ITA"]
[Date "2005.08.23"]
[Round "2"]
[White "Manca, Federico"]
[Black "Stromboli, Carlo"]
[Result "1/2-1/2"]
[WhiteElo "2390"]
[BlackElo "2158"]
[PlyCount "83"]
[EventDate "2005.08.22"]

1. e4 e5 2. Nf3 Nc6 3. Bb5 a6 4. Ba4 Nf6 5. O-O b5 6. Bb3 Bc5 7. c3 d6 8. d4
Bb6 9. h3 h6 10. a4 Bb7 11. axb5 axb5 12. Rxa8 Qxa8 13. d5 Na5 14. Bc2 O-O 15.
Nh4 Qd8 16. Nf5 Kh7 17. Qf3 Bc8 18. Na3 Ba6 19. b4 Nc4 20. Nxc4 bxc4 21. Be3
Bb5 22. Ra1 Ng8 23. Bxb6 cxb6 24. Qe3 Qc7 25. Kh2 Rb8 26. f4 f6 27. Qc1 Ne7 28.
Nxe7 Qxe7 29. f5 Qb7 30. Qa3 Qc7 31. Bd1 Be8 32. Be2 Bb5 33. Ra2 Qc8 34. Kg1
Kg8 35. Kh2 Kh7 36. Qc1 Ra8 37. Qa1 Rxa2 38. Qxa2 Qa6 39. Qb2 Be8 40. Bf1 Bb5
41. Be2 Be8 42. Bf1 1/2-1/2

[Event "XVII Festival A"]
[Site "Porto San Giorgio ITA"]
[Date "2005.08.23"]
[Round "2"]
[White "Mora, Paolo"]
[Black "Lazic, Miroljub"]
[Result "1-0"]
[WhiteElo "2209"]
[BlackElo "2485"]
[PlyCount "80"]
[EventDate "2005.08.22"]

1. e4 d6 2. d4 Nf6 3. Nc3 c6 4. Nf3 Bg4 5. Be2 e6 6. h3 Bh5 7. O-O d5 8. Ne5
Bxe2 9. Qxe2 Be7 10. exd5 cxd5 11. Qb5+ Nbd7 12. Qxb7 Nxe5 13. dxe5 Nd7 14. Qb5
Qc7 15. Re1 O-O 16. Qe2 Rfc8 17. Nb5 Qxc2 18. Nd4 Qg6 19. b3 Bc5 20. Bb2 Bb6
21. Red1 Nc5 22. Rac1 Ne4 23. Qa6 Rf8 24. a4 f6 25. a5 Nxf2 26. axb6 Nxh3+ 27.
Kh2 Nf4 28. Qf1 fxe5 29. b7 Rab8 30. Nf3 d4 31. Ba3 Rfe8 32. Bd6 Rxb7 33. Bxe5
Qh5+ 34. Kg1 Ng6 35. Bxd4 Rxb3 36. Rc7 Ne7 37. Qc4 Rxf3 38. gxf3 Qg5+ 39. Kf1
Rf8 40. Qxe6+ Kh8 1-0

[Event "XVII Festival A"]
[Site "Porto San Giorgio ITA"]
[Date "2005.08.23"]
[Round "2"]
[White "Naumkin, Igor"]
[Black "Ferro, Mario"]
[Result "1-0"]
[WhiteElo "2444"]
[BlackElo "2193"]
[PlyCount "47"]
[EventDate "2005.08.22"]

1. d4 Nf6 2. c4 g6 3. Nc3 d5 4. cxd5 Nxd5 5. e4 Nxc3 6. bxc3 c5 7. Nf3 Bg7 8.
Rb1 O-O 9. Be2 Nc6 10. d5 Ne5 11. Nxe5 Bxe5 12. Qd2 Bg7 13. c4 f5 14. exf5 Rxf5
15. O-O b6 16. Bg4 Re5 17. Bxc8 Qxc8 18. Bb2 Re4 19. Bxg7 Kxg7 20. Rbe1 Qf5 21.
Rxe4 Qxe4 22. Re1 Qh4 23. g3 Qf6 24. Re6 1-0

[Event "XVII Festival A"]
[Site "Porto San Giorgio ITA"]
[Date "2005.08.23"]
[Round "2"]
[White "Parrella, Alfredo"]
[Black "Roeder, Matthias"]
[Result "0-1"]
[WhiteElo "2151"]
[BlackElo "2393"]
[PlyCount "128"]
[EventDate "2005.08.22"]

1. Nf3 Nf6 2. c4 b6 3. g3 c5 4. Bg2 Bb7 5. Nc3 g6 6. b3 Bg7 7. Bb2 O-O 8. O-O
Na6 9. a3 e6 10. Qc2 d5 11. cxd5 exd5 12. d4 Qe7 13. Rad1 Rfd8 14. e3 Nc7 15.
Rc1 Ne6 16. Rfd1 Rac8 17. Qb1 Ne4 18. dxc5 N6xc5 19. Nxe4 dxe4 20. Nd4 Nd3 21.
Rxc8 Rxc8 22. Bf1 Ba6 23. Qa1 Qd7 24. Rc1 Rxc1 25. Bxc1 Bxd4 26. exd4 Nxc1 27.
Qxc1 Bxf1 28. Kxf1 Qxd4 29. b4 a5 30. bxa5 bxa5 31. Kg2 h5 32. h4 Kg7 33. Qg5
Qc3 34. Qe7 a4 35. Kg1 Qc8 36. Kg2 Qf8 37. Qe5+ Kg8 38. Qc3 Qd6 39. Qc8+ Kg7
40. Qc3+ Qf6 41. Qc5 Kh7 42. Kh1 Qf3+ 43. Kh2 e3 44. fxe3 Qf2+ 45. Kh3 Qg1 46.
Qc6 Qa1 47. Qf3 Kg8 48. e4 Qg1 49. e5 Qb1 50. Qd5 Qb3 51. Qd8+ Kh7 52. Qf6 Qd5
53. Kh2 Kg8 54. Kg1 Qb3 55. Qd8+ Kh7 56. Qe7 Qxg3+ 57. Kf1 Qf3+ 58. Ke1 Qd5 59.
Kf2 Qe6 60. Qb4 Qa2+ 61. Ke3 Qb3+ 62. Kd4 g5 63. hxg5 Qxb4+ 64. axb4 a3 0-1

[Event "XVII Festival A"]
[Site "Porto San Giorgio ITA"]
[Date "2005.08.23"]
[Round "2"]
[White "Stromboli, Ettore"]
[Black "Bokros, Albert"]
[Result "0-1"]
[WhiteElo "2192"]
[BlackElo "2446"]
[PlyCount "33"]
[EventDate "2005.08.22"]

1. e4 c5 2. Nf3 e6 3. d4 cxd4 4. Nxd4 Nf6 5. Nc3 d6 6. Bg5 Be7 7. Qd2 a6 8. f3
b5 9. O-O-O Bb7 10. g4 Nbd7 11. h4 h6 12. Be3 b4 13. Na4 d5 14. exd5 Nxd5 15.
Bf2 Qa5 16. b3 Nc5 17. Re1 0-1

[Event "XVII Festival A"]
[Site "Porto San Giorgio ITA"]
[Date "2005.08.23"]
[Round "2"]
[White "Zimina, Olga"]
[Black "Bellet, Georges"]
[Result "0-1"]
[WhiteElo "2404"]
[BlackElo "2163"]
[PlyCount "62"]
[EventDate "2005.08.22"]

1. e4 c5 2. Nf3 a6 3. c3 d6 4. d4 Nd7 5. Bd3 e6 6. O-O Qc7 7. a4 b6 8. Na3 Bb7
9. Qe2 Ngf6 10. d5 e5 11. Nh4 g6 12. f4 exf4 13. Bxf4 Nh5 14. Bg5 h6 15. Nxg6
hxg5 16. Nxh8 Nf4 17. Qe3 Ne5 18. Bc2 Bg7 19. g3 Nh3+ 20. Kg2 Bc8 21. Nxf7 Nxf7
22. e5 Nxe5 23. Bg6+ Kd8 24. Rad1 Ra7 25. Nc4 Qe7 26. Nxe5 Bxe5 27. Bf5 Nf4+
28. gxf4 gxf4 29. Rxf4 Qg5+ 30. Rg4 Qxe3 31. Rg8+ Kc7 0-1

[Event "XVII Festival A"]
[Site "Porto San Giorgio ITA"]
[Date "2005.08.24"]
[Round "3"]
[White "Bellet, Georges"]
[Black "Ionescu, Doru Alexandru"]
[Result "1/2-1/2"]
[WhiteElo "2163"]
[BlackElo "2377"]
[PlyCount "56"]
[EventDate "2005.08.22"]

1. e4 c5 2. Nf3 g6 3. c3 Bg7 4. d4 cxd4 5. cxd4 d5 6. e5 Bg4 7. h3 Bxf3 8. Qxf3
e6 9. Bb5+ Nc6 10. Bxc6+ bxc6 11. Qc3 Qb6 12. O-O Ne7 13. Nd2 O-O 14. Nb3 f6
15. exf6 Bxf6 16. Nc5 Nf5 17. Be3 Rf7 18. Nxe6 Rb8 19. b3 Re7 20. Nc5 Qb4 21.
Qc2 Rxe3 22. fxe3 Nxe3 23. Qf2 Bxd4 24. Ne6 Nxf1 25. Qxd4 Qe7 26. Rxf1 Qxe6 27.
Qxa7 Rd8 28. Qd4 Qe7 1/2-1/2